ბათუმის შოთა რუსთაველის სახელმწიფო უნივერსიტეტის ბიბლიოთეკა

მებაღეობა : (ბიბ.ჩანაწერი № 46270)

000 -ლიდერი
ფიქსირებული სიგრძის საკონტროლო ველი 01056nam a2200253Ia 4500
001 - საკონტროლო ნომერი
საკონტროლო ველი 13104
003 - საკონტროლო ნომრის იდენტიფიკატორი
საკონტროლო ველი GE_BSU
005 - ბოლო ოპერაციის თარიღი და დრო
საკონტროლო ველი 20240819154918.0
008 - ფიქსირებული სიგრძის მონაცემთა ელემენტები - ზოგადი ინფორმაცია
ფიქსირებული სიგრძის საკონტროლო ველი 181216s2013||||ge |||||||||||||| ||geo||
020 ## - წიგნის საერთაშორისო სტანდარტული ნომერი
International Standard Book Number 9789941038624
040 ## - კატალოგიზაციის წყარო
Transcribing agency GE_BSU
041 ## - ენის კოდი
Language code of text/sound track or separate title geo
080 ## - უნივერსალური ათობითი კლასიფიკაციის ინდექსი
Universal Decimal Classification number 635(075.32) ბ-78
100 ## - მთავარი ჩანაწერი - პიროვნების სახელი
Personal name ბობოქაშვილი, ზვიად
9 (RLIN) 12742
245 ## - ცნობა სათაურის შესახებ
Title მებაღეობა :
Remainder of title სახელმძღვ. სახელობო პროფ. სწავლების სტუდენტებისათვის /
Statement of responsibility, etc ზ. ბობოქაშვილი, კ. ძერია.
250 ## - გამოცემის ცნობა
Edition statement მე-2 გამოცემა
264 ## - წარმოების, გამოცემის, დისტრიბუციის და სხვა ცნობები
გამოცემის, წარმოების, დისტრიბუციის... ადგილი თბილისი :
გამოცემის, წარმოების, დისტრიბუციის... სახელწოდება [?],
გამოცემის, წარმოების, დისტრიბუციის... თარიღი 2013.
300 ## - ფიზიკური აღწერა
Extent 214 გვ. :
Other physical details ცხრ., ილ. ;
Dimensions 29 მ.
504 ## - BIBLIOGRAPHY, ETC. NOTE
Bibliography, etc ბიბლიოგრ. : გვ. 214-215
653 ## - INDEX TERM--UNCONTROLLED
Uncontrolled term მებაღეობა
653 ## - INDEX TERM--UNCONTROLLED
Uncontrolled term სახელმძღვანელოები
700 ## - ADDED ENTRY--PERSONAL NAME
Personal name ძერია, კუკური
Relator term ავტორი
9 (RLIN) 23085
942 ## - ADDED ENTRY ELEMENTS (KOHA)
Koha item type წიგნი
Source of classification or shelving scheme
ეგზემპლარები
ჩამოწერის სტატუსი დაკარგული ეგზემპლარის სტატუსი კლასიფიკაციის წყარო ან თაროზე გაწყობის სქემა დაზიანების სტატუსი არ გაიცემა მუდმივი მდებარეობა (დაცვის ადგილი) ამჟამინდელი ადგილსამყოფელი თაროზე განთავსების ადგილი შეძენის თარიღი სრული შენახვის შიფრი შტრიხკოდი ბოლო ოპერაციის თარიღი ეგზემპლარის მიმდევრობითი ნომერი (კეტერი?) ფასის ძალაში შესვლის თარიღი ეგზემპლარის სახეობა ღირებულება, შესყიდვის ნორმალური ფასი საჯარო შენიშვნა
          აგრარული და მემბრანული ტექნოლოგიების ინსტიტუტის ბიბლიოთეკა აგრარული და მემბრანული ტექნოლოგიების ინსტიტუტის ბიბლიოთეკა წიგნსაცავი 2025-06-13 634(075.32) ბ-78 71823 2025-06-13 71823 2025-06-13 წიგნი 10.00 10.00
          ბათუმის შოთა რუსთაველის სახელმწიფო უნივერსიტეტის მთავარი ბიბლიოთეკა ბათუმის შოთა რუსთაველის სახელმწიფო უნივერსიტეტის მთავარი ბიბლიოთეკა წიგნსაცავი 2018-12-17 635(075.32) ბ-78 27170 2018-12-17 27170 2018-12-17 წიგნი    
          ბათუმის შოთა რუსთაველის სახელმწიფო უნივერსიტეტის მთავარი ბიბლიოთეკა ბათუმის შოთა რუსთაველის სახელმწიფო უნივერსიტეტის მთავარი ბიბლიოთეკა წიგნსაცავი 2025-06-16 635(075.32) ბ-78 30243 2025-06-16 30243 2025-06-16 წიგნი